| 000 | 00955nam a2200229Ia 4500 | ||
|---|---|---|---|
| 001 | L852-36080 | ||
| 003 | IT-CnALBA | ||
| 008 | 170116s9999||||xx |||||||||||||| ||und|| | ||
| 040 |
_aIT-CnALBA _cIT-CnALBA |
||
| 041 | _aITALIANO | ||
| 100 | _aGOETHE JOHANN WOLFGANG | ||
| 245 | 0 | _aSTELLA. | |
| 250 | _a1a ed. | ||
| 260 |
_a FIRENZE _bSANSONI G. C., EDITORE _c1943 [1° Ed.: - Ed.Ling.Originale: 1787] |
||
| 300 | _a63 p. | ||
| 500 | _aTRADUZIONE DAL TEDESCO DI LAVINIA MAZZUCCHETTI. PERSONAGGI: STELLA, CECILIA FERNANDO, LUCIA, ANNINA, CARLO; DOMESTICI, FATTORE, LOCANDIERA. | ||
| 501 | _aSocietà San Paolo EM - Piazza San Paolo, 14 - 12051 ALBA (CN) (non commercial uses only) ® Copyright 2017 | ||
| 520 | _aTRADUZIONE DAL TEDESCO DI LAVINIA MAZZUCCHETTI. PERSONAGGI: STELLA, CECILIA FERNANDO, LUCIA, ANNINA, CARLO; DOMESTICI, FATTORE, LOCANDIERA. | ||
| 650 | _aLETTERATURA DRAMMATICA E COMMEDIA | ||
| 942 | _cBK | ||
| 957 | _71 | ||
| 999 |
_a40844 _bSI _g Copie: 1 _c294879 _d294879 |
||